| 000 | 00793nam a2200193 i 4500 | ||
|---|---|---|---|
| 001 | 146237 | ||
| 003 | ES-MaACL | ||
| 005 | 20250930063125.0 | ||
| 007 | t| | ||
| 008 | 070905s1948 cu ||||1| spa d | ||
| 100 | 1 |
_aTorriente, Cosme de la, _dn. 1872 _9111040 |
|
| 245 | 1 | 0 |
_aFin de la dominación de España en Cuba / _cdiscurso leido por el académico de número Cosme de la Torriente y Peraza en la sesión solemne celebrada el 12 de agosto de 1948 en conmemoración del cincuentenario de dicho acontecimiento. |
| 260 |
_aLa Habana : _bSiglo XX, _c1948. |
||
| 300 |
_a51 p. ; _c25 cm. |
||
| 500 | _aPrecede al tít.: Academia de la Historia de Cuba. | ||
| 710 | 2 |
_aAcademia de la Historia de Cuba. _91183 |
|
| 852 |
_aES-MaACL _j1807-F-7 _bR.26231 |
||
| 999 |
_c146237 _d146237 |
||